| 000 | 00630nam a2200193Ia 4500 | ||
|---|---|---|---|
| 003 | IN-BaIIA | ||
| 008 | 211028s9999 xx 000 0 eng d | ||
| 020 | _a0-07-039742-2 | ||
| 040 | _cIIA Library | ||
| 080 |
_a538.975(035) _bMAI |
||
| 245 | 0 |
_aHandbook of thin film technology _cedited by Leon I. Maissel and Reinhard Glang |
|
| 260 |
_aNew York _bMcGraw-Hill _c1983 |
||
| 300 | _a[various pagings.] | ||
| 650 | _aAstronomy and Astrophysics Thesaurus | ||
| 650 |
_aHandbooks _95453 |
||
| 700 |
_aGlang, Reinhard, ed. _917529 |
||
| 700 |
_aMaissel, Leon I., ed. _917530 |
||
| 942 | _cBK | ||
| 999 |
_c10313 _d10313 |
||